| 000 | 00693nam a2200205 a 4500 | ||
|---|---|---|---|
| 005 | 20210223120648.0 | ||
| 008 | 991125s1979 es 000 0 spa u | ||
| 020 | _a8431101695 | ||
| 035 | _aUPN01000004967 | ||
| 049 | _aCG | ||
| 050 | 4 |
_aRF294 _bP6.38 1979 |
|
| 100 | 1 | _aPortmann, Michel | |
| 245 | 1 | 0 |
_aAudiometría clínica : _bcon atlas de gráficas audiométricas / _cpor Michel Portmann, Claudine Portmann ; pref. de G. Portmann ; tr. José María Torres Gassó. |
| 250 | _a3a ed. rev. y puesta al día. | ||
| 260 |
_aBarcelona, Esp. : _bToray-Masson, _c1979. |
||
| 300 |
_aix, 350 p. : _bil. |
||
| 650 | 4 |
_aAUDIOMETRIA _92824 |
|
| 700 | 1 |
_aPortmann, Claudine, _ecolab. |
|
| 905 | _aLibro | ||
| 999 |
_c4967 _d4967 |
||